00441pab a2200133 454500008004000000100002200040245010200062260000900164300001300173650002600186650003300212650002500245773003700270180718b2003 xxu||||| |||| 00| 0 eng d aPatnayak, Prabhat aOn the need for regulating technological change in India under the present waves of globalization c2003 ap.51-62. aGlobalization - India aTechnological change - India aTechnological change aResearch Journal Social Sciences